000 00443nam a2200205Ia 4500
001 094651
003 YMCAF
005 20230512161938.0
008 100717s2007 ||||||||||||||||| ||und|d
024 _a94651
035 _a34109
040 _aYMCAF
_beng
_cIN-KoLT
041 _aeng
082 _a005.276
_bKEO
100 _aKeogh, Jim
245 0 _aJ2EE: the complete reference
260 _bTMH
_c2007
300 _a874
942 _2ddc
_cBK
999 _c9982
_d9982